عرض عادي عرض مارك
  • الطباعة

مدخل مصطلح موضوعي

عدد التسجيلات المستخدمة في: 1

001 - رقم الضبط

  • حقل الضبط: 2320

003 - معرف رقم الضبط

  • حقل الضبط: OSt

005 - تاريخ ووقت أخر عملية

  • حقل الضبط: 20110808232144.0

008 - عناصر بيانات ثابتة الطول

  • حقل تحكم ثابت الطول: 110808|||a|||||| | ||| d

040 ## - مصدر الفهرسة

  • هيئة الفهرسة الأصلية: OSt
  • وكالة الكتابة: OSt

150 ## - مدخل-- مصطلح تاريخي

  • عنصر مدخل المصطلح الموضوعي او الاسم الجغرافي: الطباعة
  • تفريع جغرافي: شبه الجزيرة العربية
  • تفريع عام: تاريخ

670 ## - بيانات المصدر موجوده

  • الاستشهاد بالمصدر: Work cat.: (OSt)3213: جنيد، يحيى محمود. 2318, الطباعة في شبه الجزيرة العربية في القرن التاسع عشر ميلادي (1297-1317هـ) /, 1418] 1998 أو 1419]